| 000 | 00559nam a22001937a 4500 | ||
|---|---|---|---|
| 005 | 20251108170911.0 | ||
| 008 | 250721s1996 xx 000 0 ara d | ||
| 082 | 1 | 4 | _a618.2/حام |
| 100 | 1 | _aحامد، حامد أحمد | |
| 245 | 1 | 0 | _aالآيات العجاب في رحلة الإنجاب / |
| 264 | 1 |
_aدمشق : _bدار القلم، _c1996. |
|
| 300 | _a335ص | ||
| 650 | 1 | 7 | _aالحمل |
| 650 | 1 | 7 | _aالأمراض النسائية |
| 650 | 1 | 7 | _aالتشوهات الخلقية |
| 650 | 1 | 7 | _aالعقم |
| 942 |
_2ddc _cBK |
||
| 999 |
_c51656 _d51656 |
||